| 000 | 00805nam a2200217 a 4500 | ||
|---|---|---|---|
| 001 | 000026129 | ||
| 005 | 20200930024328.0 | ||
| 008 | 110301s1967 sp r 000 0 spa d | ||
| 040 |
_aDO-SdBNP _bspa _cBNPHU |
||
| 041 | 1 | 7 |
_aspa _heng _2Código de idiomas MARC |
| 082 |
_ann* _bnn* |
||
| 100 | 1 |
_aVon Hildebrand, Dietrich. _953094 |
|
| 240 | 1 | 0 |
_aGraven images: subtitutes for true morality. _lEspañol |
| 245 | 1 | 0 |
_aDeformaciones y perversiones de la moral / _cDietrich Von Hildebrand y Alice Jourdain ; traducción de Constantino Ruiz-Garrido. |
| 260 |
_aMadrid : _bFax, _c1967. |
||
| 300 |
_a273 p. ; _c20 cm. |
||
| 534 |
_aOriginal en inglés : _tGraven images: subtitutes for true morality |
||
| 700 | 1 |
_aJourdain, Alice. _953095 |
|
| 700 | 1 |
_aRuiz-Garrido, Constantino, _etr. _953096 |
|
| 049 | _aBNGR | ||
| 999 |
_c25621 _d25621 |
||